00440cam a22001572 4500001001100000005001700011008004100028020001700069040001500086245005300101250001200154260002800166300001900194650003500213700003400248000002542720151217154539.0150915s xx 000 0 eng d a0199654673 : aKABUcKABU10aInternational law /cedited by Malcolm D. Evans. a4th ed. aOxford :bO.U.P,c2014. alxxiii, 873 p. 0aInternational law.@00001586961 aEvans, Malcolm D.@0000182390